[Event "12. Torneo Navalmoral de la Mata"]
[Site "Navalmoral de la Mata ESP"]
[Date "2006.12.06"]
[Round "1.2"]
[White "Macias Rodriguez, Francisco"]
[Black "Spasov, Vasil"]
[Result "0-1"]
[WhiteElo "1992"]
[BlackElo "2582"]
[PlyCount "44"]
[EventDate "2006.12.05"]
[EventType "swiss"]
[EventCountry "ESP"]
[Source "lmi"]
[SourceDate "2006.12.06"]

1. d4 Nf6 2. Nf3 g6 3. c4 Bg7 4. g3 O-O 5. Bg2 d6 6. Nc3 Nbd7 7. O-O e5 8. e4
exd4 9. Nxd4 Re8 10. Re1 Nc5 11. h3 h6 12. Nb3 Ne6 13. Be3 Ng5 14. Bxg5 hxg5
15. e5 dxe5 16. Qxd8 Rxd8 17. Rxe5 c6 18. Re7 Rb8 19. Rd1 Rxd1+ 20. Nxd1 Be6
21. Na5 Nd7 22. c5 Nxc5 0-1

[Event "12. Torneo Navalmoral de la Mata"]
[Site "Navalmoral de la Mata ESP"]
[Date "2006.12.06"]
[Round "1.9"]
[White "Khamrakulov, Ibragim"]
[Black "Ugalde Ortiz, Antonio"]
[Result "1-0"]
[WhiteElo "2527"]
[BlackElo "1957"]
[PlyCount "35"]
[EventDate "2006.12.05"]
[EventType "swiss"]
[EventCountry "ESP"]
[Source "lmi"]
[SourceDate "2006.12.06"]

1. e4 c6 2. c4 d6 3. g3 e5 4. Bg2 Nf6 5. Ne2 Be7 6. O-O O-O 7. Nbc3 Re8 8. d4
exd4 9. Qxd4 Qb6 10. b3 Qxd4 11. Nxd4 Nbd7 12. Nf5 Bf8 13. Rd1 Nc5 14. Nxd6
Bxd6 15. Rxd6 Bg4 16. f3 Bh5 17. Ba3 Ne6 18. e5 1-0

[Event "12. Torneo Navalmoral de la Mata"]
[Site "Navalmoral de la Mata ESP"]
[Date "2006.12.06"]
[Round "1.3"]
[White "Bartlomiej, Heberla"]
[Black "De Francisco De Diego, Felipe"]
[Result "1-0"]
[WhiteElo "2569"]
[BlackElo "1989"]
[PlyCount "59"]
[EventDate "2006.12.05"]
[EventType "swiss"]
[EventCountry "ESP"]
[Source "lmi"]
[SourceDate "2006.12.06"]

1. e4 e5 2. Nf3 Nc6 3. Bb5 d6 4. c3 Bd7 5. d4 Nge7 6. O-O Ng6 7. d5 Nb8 8. c4
Be7 9. Nc3 O-O 10. Bxd7 Nxd7 11. Qc2 h6 12. b4 Bg5 13. Nxg5 hxg5 14. Qe2 Qe7
15. g3 f6 16. Be3 Rfe8 17. Rac1 b6 18. Na4 a5 19. c5 axb4 20. cxd6 Qxd6 21. Rc6
Qe7 22. Qc2 Qd8 23. Qb3 Kh7 24. Rfc1 Ra7 25. Qxb4 Qa8 26. Nc3 Nb8 27. Rc4 Na6
28. Qb3 Rb7 29. Ra4 b5 30. Ra5 1-0

[Event "12. Torneo Navalmoral de la Mata"]
[Site "Navalmoral de la Mata ESP"]
[Date "2006.12.06"]
[Round "1.5"]
[White "Mirzoev, Azer"]
[Black "Aguado Solana, Juan"]
[Result "1-0"]
[WhiteElo "2543"]
[BlackElo "1979"]
[PlyCount "69"]
[EventDate "2006.12.05"]
[EventType "swiss"]
[EventCountry "ESP"]
[Source "lmi"]
[SourceDate "2006.12.06"]

1. d4 d5 2. c4 c6 3. Nf3 e6 4. e3 Nf6 5. Bd3 Be7 6. O-O O-O 7. b3 b6 8. Bb2
Nbd7 9. Nc3 Bb7 10. Qe2 c5 11. Rad1 Ne4 12. cxd5 exd5 13. dxc5 Bf6 14. Na4
Nexc5 15. Nxc5 bxc5 16. Rc1 Rc8 17. Rfd1 Qb6 18. Qc2 c4 19. Bxh7+ Kh8 20. Bxf6
cxb3 21. Qxb3 Qxb3 22. axb3 Kxh7 23. Bd4 a6 24. h3 Rc6 25. Rxc6 Bxc6 26. Rc1
Bb5 27. Rc7 f6 28. g4 Re8 29. Kg2 Ne5 30. Nh4 Bd3 31. Kg3 Rb8 32. f4 Ng6 33.
Bxf6 Nxh4 34. Rxg7+ Kh6 35. Kxh4 1-0

[Event "12. Torneo Navalmoral de la Mata"]
[Site "Navalmoral de la Mata ESP"]
[Date "2006.12.06"]
[Round "1.10"]
[White "Lorenzo Grande, Jorge"]
[Black "Narciso Dublan, Marc"]
[Result "0-1"]
[WhiteElo "1956"]
[BlackElo "2511"]
[PlyCount "88"]
[EventDate "2006.12.05"]
[EventType "swiss"]
[EventCountry "ESP"]
[Source "lmi"]
[SourceDate "2006.12.06"]

1. e4 e6 2. d3 d5 3. Nd2 Nf6 4. g3 dxe4 5. dxe4 e5 6. Bg2 Bc5 7. h3 b6 8. Ngf3
Ba6 9. c4 O-O 10. O-O Nbd7 11. Qc2 Bb7 12. Nh4 Re8 13. Nb3 Bf8 14. Rd1 Qc8 15.
Be3 g6 16. Rac1 c5 17. g4 Nb8 18. Bg5 Be7 19. Bxf6 Bxf6 20. Nf3 Nc6 21. a3 Qc7
22. Rd5 Nd4 23. Nbxd4 exd4 24. g5 Bg7 25. b4 Bxd5 26. exd5 Qf4 27. bxc5 bxc5
28. Qd2 Be5 29. Kf1 Qxd2 30. Nxd2 Bf4 31. Rd1 Bxd2 32. Rxd2 Rab8 33. Bf3 Kf8
34. Bg4 Ke7 35. f4 Rb3 36. f5 gxf5 37. Bxf5 Rf3+ 38. Rf2 Rxf2+ 39. Kxf2 Rh8 40.
Kf3 h6 41. g6 fxg6 42. Bxg6 Kf6 43. Bh5 Ke5 44. Ke2 Rb8 0-1

[Event "12. Torneo Navalmoral de la Mata"]
[Site "Navalmoral de la Mata ESP"]
[Date "2006.12.06"]
[Round "1.8"]
[White "Sanchez Lopez, Diego"]
[Black "Ubilava, Elizbar"]
[Result "0-1"]
[WhiteElo "1962"]
[BlackElo "2533"]
[PlyCount "68"]
[EventDate "2006.12.05"]
[EventType "swiss"]
[EventCountry "ESP"]
[Source "lmi"]
[SourceDate "2006.12.06"]

1. d4 Nf6 2. Nf3 g6 3. c4 Bg7 4. Nc3 O-O 5. h4 h5 6. Bf4 d6 7. e4 Bg4 8. Be2
Nbd7 9. Qc2 c6 10. Rd1 Qa5 11. O-O e5 12. dxe5 dxe5 13. Be3 Nc5 14. Ng5 Bxe2
15. Qxe2 Rfe8 16. Rd6 Rad8 17. Rfd1 Rxd6 18. Rxd6 Nfd7 19. Qf3 Re7 20. Qd1 Nf8
21. g4 hxg4 22. Qxg4 Nce6 23. h5 Nxg5 24. Bxg5 Re6 25. Rxe6 gxh5 26. Rxe5 Qxe5
27. Qg2 Ng6 28. Be3 Qe6 29. Bxa7 Qxc4 30. Qf3 Qb4 31. Qd3 Qxb2 32. Qd8+ Kh7 33.
Nd1 Qxa2 34. Be3 Qe2 0-1

[Event "12. Torneo Navalmoral de la Mata"]
[Site "Navalmoral de la Mata ESP"]
[Date "2006.12.06"]
[Round "1.1"]
[White "Damljanovic, Branko"]
[Black "De Nacimiento Montano, Angel"]
[Result "1-0"]
[WhiteElo "2595"]
[BlackElo "2014"]
[PlyCount "67"]
[EventDate "2006.12.05"]
[EventType "swiss"]
[EventCountry "ESP"]
[Source "lmi"]
[SourceDate "2006.12.06"]

1. Nf3 g6 2. e4 Bg7 3. d4 c5 4. d5 d6 5. c4 Nf6 6. Bd3 O-O 7. O-O Nbd7 8. Nc3
b6 9. h3 Bb7 10. Bf4 Ne8 11. Re1 e5 12. Bg5 f6 13. Bd2 Nc7 14. g4 Bc8 15. Ne2
b5 16. b3 f5 17. exf5 gxf5 18. Bxf5 Rxf5 19. gxf5 e4 20. Ng5 Bxa1 21. Qxa1 Ne5
22. Ng3 e3 23. Bxe3 h6 24. f4 Nd3 25. Rd1 hxg5 26. Rxd3 g4 27. Nh5 Ne8 28. hxg4
Qe7 29. Bf2 Qf7 30. Re3 Bd7 31. Bh4 Qf8 32. Re7 Rd8 33. f6 Nc7 34. f7+ 1-0

[Event "12. Torneo Navalmoral de la Mata"]
[Site "Navalmoral de la Mata ESP"]
[Date "2006.12.06"]
[Round "2.8"]
[White "Ubilava, Elizbar"]
[Black "Escobar Felix, Eduardo"]
[Result "1-0"]
[WhiteElo "2533"]
[BlackElo "2162"]
[PlyCount "47"]
[EventDate "2006.12.05"]
[EventType "swiss"]
[EventCountry "ESP"]
[Source "lmi"]
[SourceDate "2006.12.06"]

1. d4 d5 2. Nf3 c5 3. c4 dxc4 4. Nc3 e6 5. e3 Nf6 6. Bxc4 Be7 7. O-O O-O 8. Qe2
Nc6 9. Rd1 Qc7 10. e4 Nxd4 11. Nxd4 cxd4 12. Rxd4 e5 13. Rd1 Bg4 14. f3 Be6 15.
Bxe6 fxe6 16. Be3 Rfd8 17. Nb5 Qa5 18. Qc4 Qa6 19. Qb3 Ne8 20. Rac1 Kf7 21. h3
b6 22. Rxd8 Bxd8 23. Rc6 Kf8 24. Bc5+ 1-0

[Event "12. Torneo Navalmoral de la Mata"]
[Site "Navalmoral de la Mata ESP"]
[Date "2006.12.06"]
[Round "2.6"]
[White "Kolev, Atanas"]
[Black "Prunescu, Claudiu"]
[Result "1-0"]
[WhiteElo "2538"]
[BlackElo "2183"]
[PlyCount "77"]
[EventDate "2006.12.05"]
[EventType "swiss"]
[EventCountry "ESP"]
[Source "lmi"]
[SourceDate "2006.12.06"]

1. e4 c5 2. Nf3 Nc6 3. d4 cxd4 4. Nxd4 g6 5. c4 Nf6 6. Nc3 d6 7. Nc2 Bg7 8. Be2
O-O 9. O-O Bd7 10. b3 Qa5 11. Bd2 Rfc8 12. Rb1 Qd8 13. f3 a5 14. Kh1 Nb4 15.
Nd4 Nfd5 16. Ncb5 Nc7 17. a3 Bxb5 18. axb4 Bxd4 19. cxb5 axb4 20. Bxb4 Ne6 21.
Bc4 Be5 22. g3 g5 23. f4 Rxc4 24. bxc4 gxf4 25. gxf4 Bf6 26. e5 dxe5 27. Qxd8+
Rxd8 28. fxe5 Bxe5 29. Bxe7 Rd2 30. Rg1+ Kh8 31. Rg2 Rd7 32. Ba3 Rc7 33. Re1
Bd4 34. Re4 Bf6 35. Rf2 Bd4 36. Rxd4 Nxd4 37. Bb2 Rxc4 38. Rd2 Rb4 39. Bxd4+
1-0

[Event "12. Torneo Navalmoral de la Mata"]
[Site "Navalmoral de la Mata ESP"]
[Date "2006.12.06"]
[Round "2.2"]
[White "Spasov, Vasil"]
[Black "Tscharotschkin, Michael"]
[Result "1-0"]
[WhiteElo "2582"]
[BlackElo "2215"]
[PlyCount "115"]
[EventDate "2006.12.05"]
[EventType "swiss"]
[EventCountry "ESP"]
[Source "lmi"]
[SourceDate "2006.12.06"]

1. e4 e6 2. d4 d5 3. Nd2 Nf6 4. e5 Nfd7 5. c3 c5 6. Bd3 Nc6 7. Ne2 cxd4 8. cxd4
f6 9. exf6 Nxf6 10. Nf3 Bd6 11. O-O O-O 12. Bf4 Bxf4 13. Nxf4 Ne4 14. Qc1 Qf6
15. Ne2 e5 16. dxe5 Nxe5 17. Nxe5 Qxe5 18. f3 Nf6 19. Qc3 Qxc3 20. Nxc3 Bd7 21.
Rad1 Rfe8 22. Bc2 Be6 23. Bb3 Rac8 24. Rfe1 Kf8 25. Kf2 Bf7 26. Rxe8+ Rxe8 27.
Nb5 a6 28. Nd6 Re7 29. Nxf7 Kxf7 30. Bxd5+ Nxd5 31. Rxd5 Rc7 32. Rd2 Ke6 33. g4
g5 34. Kg3 Rc1 35. h4 h6 36. Re2+ Kf6 37. h5 Rd1 38. b3 Rc1 39. Rd2 Rc6 40. a4
a5 41. Rd7 Rb6 42. Rh7 Ke5 43. Rg7 Kd5 44. Kg2 Ke5 45. Kf2 Kd5 46. Kg3 Ke5 47.
Re7+ Kf6 48. Rh7 Ke5 49. Rh8 Kd5 50. Ra8 Rxb3 51. Rxa5+ Kc6 52. Rf5 Ra3 53. a5
Kd7 54. Rf7+ Kc8 55. Rf6 Rxa5 56. Rxh6 b5 57. Rg6 b4 58. h6 1-0

[Event "12. Torneo Navalmoral de la Mata"]
[Site "Navalmoral de la Mata ESP"]
[Date "2006.12.06"]
[Round "2.5"]
[White "Delgado Palomeque, Marco A"]
[Black "Mirzoev, Azer"]
[Result "0-1"]
[WhiteElo "2202"]
[BlackElo "2543"]
[PlyCount "81"]
[EventDate "2006.12.05"]
[EventType "swiss"]
[EventCountry "ESP"]
[Source "lmi"]
[SourceDate "2006.12.06"]

1. e4 Nf6 2. Nc3 d5 3. e5 Nfd7 4. e6 fxe6 5. d4 c5 6. Bd3 Nf6 7. Nf3 g6 8. O-O
Bg7 9. dxc5 O-O 10. Na4 Nc6 11. c4 Ng4 12. Bg5 Qc7 13. h3 Nge5 14. Nxe5 Nxe5
15. cxd5 exd5 16. Be2 e6 17. Rc1 Bd7 18. b4 Nf7 19. Bh4 Qf4 20. c6 Bxc6 21. b5
Bxb5 22. Bxb5 Qxh4 23. Nc5 Ng5 24. Nxe6 Nxe6 25. Qxd5 Bd4 26. Qxe6+ Kh8 27. Rc2
Rad8 28. Bd7 Rf6 29. Qg4 Qxg4 30. Bxg4 h5 31. Bf3 b5 32. Rc6 Rxc6 33. Bxc6 b4
34. Ba4 Bb6 35. Rd1 Rf8 36. Rd2 h4 37. Kf1 Kg7 38. f3 Rc8 39. Ke2 Rc5 40. Rd4
a5 41. Rxh4 0-1

[Event "12. Torneo Navalmoral de la Mata"]
[Site "Navalmoral de la Mata ESP"]
[Date "2006.12.06"]
[Round "2.3"]
[White "Fernandez Barrera, Victor"]
[Black "Heberla, Bartlomiej"]
[Result "0-1"]
[WhiteElo "2207"]
[BlackElo "2569"]
[PlyCount "114"]
[EventDate "2006.12.05"]
[EventType "swiss"]
[EventCountry "ESP"]
[Source "lmi"]
[SourceDate "2006.12.06"]

1. e4 c5 2. Nf3 d6 3. d4 cxd4 4. Nxd4 Nf6 5. Nc3 Bd7 6. Bg5 e6 7. f4 Be7 8.
Ndb5 Bxb5 9. Bxb5+ Nc6 10. e5 dxe5 11. fxe5 Nd7 12. Bxe7 Qxe7 13. Bxc6 bxc6 14.
Qd6 Qg5 15. O-O Qxe5 16. Qxc6 Qc5+ 17. Qxc5 Nxc5 18. Rae1 O-O 19. Ne4 Nxe4 20.
Rxe4 Rac8 21. c3 Rfd8 22. Kf2 Rd2+ 23. Re2 Rd6 24. Rc1 f5 25. c4 Kf7 26. Rc3
Kf6 27. c5 Rd5 28. Ra3 Rcxc5 29. Rxa7 Rc1 30. Ra6 Re5 31. Rb6 f4 32. Rxe5 Kxe5
33. Rb7 g5 34. h3 Ke4 35. Rb4+ Kf5 36. a4 e5 37. Rb5 h5 38. a5 g4 39. Rb3 g3+
40. Ke2 Rc6 41. Ra3 Rc2+ 42. Kf1 Rf2+ 43. Kg1 Rxb2 44. Ra1 e4 45. a6 f3 46.
gxf3 exf3 47. a7 Rg2+ 48. Kf1 Rh2 49. Ra5+ Kf4 50. Ra4+ Kg5 51. h4+ Kf5 52.
Ra5+ Kg4 53. Ke1 f2+ 54. Ke2 Rh1 55. a8=Q f1=Q+ 56. Kd2 Qf2+ 57. Kc3 Qf3+ 0-1

[Event "12. Torneo Navalmoral de la Mata"]
[Site "Navalmoral de la Mata ESP"]
[Date "2006.12.06"]
[Round "2.10"]
[White "Narciso Dublan, Marc"]
[Black "Espinosa Aranda, Angel"]
[Result "1-0"]
[WhiteElo "2511"]
[BlackElo "2156"]
[PlyCount "85"]
[EventDate "2006.12.05"]
[EventType "swiss"]
[EventCountry "ESP"]
[Source "lmi"]
[SourceDate "2006.12.06"]

1. d4 d5 2. c4 dxc4 3. e3 Nf6 4. Bxc4 e6 5. Nf3 a6 6. O-O c5 7. b3 b5 8. Be2
cxd4 9. Nxd4 Bb7 10. a4 b4 11. Bb2 Be7 12. Nd2 O-O 13. Rc1 Nd5 14. Bf3 Nd7 15.
Nc4 Rc8 16. Qe2 Qc7 17. Rfd1 Bf6 18. Nf5 exf5 19. Bxd5 Bxd5 20. Rxd5 Bxb2 21.
Qxb2 g6 22. a5 Rfd8 23. Rcd1 Nf8 24. Nb6 Rb8 25. h4 h5 26. Rxd8 Rxd8 27. Nd5
Rxd5 28. Rxd5 Ne6 29. g3 Qc6 30. Qd2 Kg7 31. Rd6 Qb5 32. Qb2+ Kg8 33. Qf6 Qb7
34. Rxe6 fxe6 35. Qxg6+ Kh8 36. Qxe6 Qf3 37. Qe8+ Kh7 38. Qe7+ Kh8 39. Qxb4
Qd1+ 40. Kh2 Qc2 41. Qf4 Kg7 42. b4 Kf6 43. Kg2 1-0

[Event "12. Torneo Navalmoral de la Mata"]
[Site "Navalmoral de la Mata ESP"]
[Date "2006.12.06"]
[Round "2.1"]
[White "Garcia Moral Garcia, Jose Daniel"]
[Black "Damljanovic, Branko"]
[Result "0-1"]
[WhiteElo "2222"]
[BlackElo "2595"]
[PlyCount "114"]
[EventDate "2006.12.05"]
[EventType "swiss"]
[EventCountry "ESP"]
[Source "lmi"]
[SourceDate "2006.12.06"]

1. e4 c5 2. Nf3 d6 3. d4 cxd4 4. Nxd4 Nf6 5. Nc3 Nc6 6. f3 e5 7. Nb3 Be7 8. Be3
O-O 9. Qd2 a5 10. Bb5 Na7 11. a4 Be6 12. Rd1 Nxb5 13. axb5 a4 14. Nc1 Qa5 15.
N1e2 Bc4 16. Kf2 Rfc8 17. b6 Qb4 18. Nd5 Nxd5 19. exd5 Qxd2 20. Rxd2 f5 21. g3
Bf6 22. Rb1 Bb5 23. f4 Bd7 24. Nc1 h6 25. h4 Ra6 26. Nd3 Ra5 27. Nb4 Rb5 28. c3
a3 29. bxa3 Rxc3 30. Ra2 exf4 31. Bxf4 Rxb6 32. Rc1 Rxc1 33. Bxc1 g5 34. hxg5
hxg5 35. Re2 Kf7 36. Bb2 Bxb2 37. Rxb2 Rb5 38. Ke3 Rc5 39. Kd4 Bb5 40. Rb3 Rc4+
41. Ke3 Re4+ 42. Kf3 g4+ 43. Kf2 Re2+ 44. Kg1 Bc4 45. Rc3 b5 46. a4 Rb2 47. Nc2
Bxd5 48. axb5 Rxb5 49. Nd4 Rb2 50. Kf1 Kf6 51. Ne2 Be4 52. Rc8 Rb3 53. Rf8+ Ke7
54. Rh8 Rf3+ 55. Ke1 d5 56. Rh5 Kf6 57. Rh6+ Ke5 0-1

[Event "12. Torneo Navalmoral de la Mata"]
[Site "Navalmoral de la Mata ESP"]
[Date "2006.12.07"]
[Round "3.2"]
[White "Komljenovic, Davor"]
[Black "Spasov, Vasil"]
[Result "1/2-1/2"]
[WhiteElo "2487"]
[BlackElo "2582"]
[PlyCount "74"]
[EventDate "2006.12.05"]
[EventType "swiss"]
[EventCountry "ESP"]
[Source "lmi"]
[SourceDate "2006.12.06"]

1. d4 g6 2. Nf3 Bg7 3. c4 d6 4. g3 c5 5. d5 b5 6. cxb5 a6 7. bxa6 Nf6 8. Nc3
O-O 9. Bg2 Bf5 10. Nh4 Bd7 11. O-O Nxa6 12. h3 Nc7 13. Bd2 Nb5 14. Nxb5 Bxb5
15. Bc3 Qb6 16. Re1 Rfb8 17. Qc2 Nd7 18. Bxg7 Kxg7 19. Nf3 Kg8 20. e4 Rb7 21.
e5 dxe5 22. Nxe5 Nxe5 23. Rxe5 Ba4 24. Qe4 Qxb2 25. Re1 Qd4 26. Rxe7 Rxe7 27.
Qxe7 Re8 28. Qxe8+ Bxe8 29. Rxe8+ Kg7 30. Rc8 Qd1+ 31. Kh2 Qd2 32. f4 Qxa2 33.
Rxc5 Qd2 34. h4 h5 35. Rc8 Qd4 36. Re8 Qd2 37. Rc8 Qd4 1/2-1/2

[Event "12. Torneo Navalmoral de la Mata"]
[Site "Navalmoral de la Mata ESP"]
[Date "2006.12.07"]
[Round "3.4"]
[White "Pogorelov, Ruslan"]
[Black "Greenfeld, Alon"]
[Result "1/2-1/2"]
[WhiteElo "2462"]
[BlackElo "2543"]
[PlyCount "36"]
[EventDate "2006.12.05"]
[EventType "swiss"]
[EventCountry "ESP"]
[Source "lmi"]
[SourceDate "2006.12.06"]

1. Nf3 Nf6 2. c4 c5 3. Nc3 Nc6 4. d4 cxd4 5. Nxd4 e6 6. a3 Be7 7. e4 O-O 8. Nf3
b6 9. Bf4 Bb7 10. Bd3 Nh5 11. Be3 Bc5 12. Bxc5 bxc5 13. O-O Nf4 14. Re1 Nd4 15.
Bf1 Nxf3+ 16. Qxf3 e5 17. Qe3 Ne6 18. b4 Nd4 1/2-1/2

[Event "12. Torneo Navalmoral de la Mata"]
[Site "Navalmoral de la Mata ESP"]
[Date "2006.12.07"]
[Round "3.6"]
[White "Larino Nieto, David"]
[Black "Kolev, Atanas"]
[Result "0-1"]
[WhiteElo "2406"]
[BlackElo "2538"]
[PlyCount "67"]
[EventDate "2006.12.05"]
[EventType "swiss"]
[EventCountry "ESP"]
[Source "lmi"]
[SourceDate "2006.12.06"]

1. e4 c5 2. d3 Nc6 3. g3 d5 4. Nd2 Nf6 5. Bg2 g6 6. Ne2 Bg7 7. O-O O-O 8. Nf4
Bg4 9. f3 Bc8 10. Re1 dxe4 11. dxe4 e5 12. Nd3 Be6 13. Nf1 b6 14. Bg5 h6 15.
Be3 Qc7 16. Qc1 Kh7 17. c3 Rad8 18. Nf2 Ng8 19. h4 f5 20. f4 Nf6 21. exf5 Bxf5
22. fxe5 Nd5 23. Bf4 Nxe5 24. Ne3 Nxf4 25. gxf4 Nd3 26. Nxd3 Bxd3 27. Nd5 Rxd5
28. Bxd5 Rxf4 29. Qe3 c4 30. Qe6 h5 31. Qh3 Qc5+ 32. Qe3 Rg4+ 33. Kh2 Qxe3 34.
Rxe3 0-1

[Event "12. Torneo Navalmoral de la Mata"]
[Site "Navalmoral de la Mata ESP"]
[Date "2006.12.07"]
[Round "3.9"]
[White "Khamrakulov, Ibragim"]
[Black "Sanchez Jimenez, Juan C"]
[Result "1-0"]
[WhiteElo "2527"]
[BlackElo "2285"]
[PlyCount "57"]
[EventDate "2006.12.05"]
[EventType "swiss"]
[EventCountry "ESP"]
[Source "lmi"]
[SourceDate "2006.12.06"]

1. e4 e6 2. d4 d5 3. Nd2 Nf6 4. e5 Nfd7 5. Bd3 c5 6. c3 Nc6 7. Ne2 cxd4 8. cxd4
Qb6 9. Nf3 f6 10. exf6 Nxf6 11. O-O Bd6 12. Nc3 O-O 13. h3 Bd7 14. a3 Rac8 15.
Na4 Qd8 16. Re1 Qe8 17. b3 a6 18. Nb6 Rc7 19. Qe2 Nd8 20. Nxd7 Rxd7 21. Ne5 Re7
22. Bg5 Nf7 23. Bh4 Nh8 24. b4 Qb8 25. Rac1 Qa7 26. Bxf6 gxf6 27. Qg4+ Ng6 28.
Nxg6 hxg6 29. Rxe6 1-0

[Event "12. Torneo Navalmoral de la Mata"]
[Site "Navalmoral de la Mata ESP"]
[Date "2006.12.07"]
[Round "3.8"]
[White "Rivera, Daniel"]
[Black "Ubilava, Elizbar"]
[Result "0-1"]
[WhiteElo "2309"]
[BlackElo "2533"]
[PlyCount "69"]
[EventDate "2006.12.05"]
[EventType "swiss"]
[EventCountry "ESP"]
[Source "lmi"]
[SourceDate "2006.12.06"]

1. e4 c5 2. Nc3 Nc6 3. g3 g6 4. Bg2 Bg7 5. d3 d6 6. f4 e5 7. Nh3 Nge7 8. O-O
exf4 9. Nxf4 O-O 10. Nfd5 Nxd5 11. Nxd5 Be6 12. Nf4 Bd7 13. c3 b5 14. Be3 b4
15. d4 bxc3 16. bxc3 cxd4 17. cxd4 Rb8 18. Rf2 Rb4 19. Rd2 Na5 20. Nd5 Ra4 21.
Bf2 Nc4 22. Rc2 Nb6 23. Nc3 Ra5 24. Rb1 Re8 25. Qd3 d5 26. Rcb2 Be6 27. Rb5
dxe4 28. Qd2 Nc4 29. Qf4 e3 30. Be1 Qxd4 31. Rb8 Bd7 32. Qxd4 Bxd4 33. Ne2 Bb6
34. Rxe8+ Bxe8 35. Bxa5 0-1

[Event "12. Torneo Navalmoral de la Mata"]
[Site "Navalmoral de la Mata ESP"]
[Date "2006.12.07"]
[Round "3.3"]
[White "Heberla, Bartlomiej"]
[Black "Baron Rodriguez, Jesus"]
[Result "1/2-1/2"]
[WhiteElo "2569"]
[BlackElo "2424"]
[PlyCount "116"]
[EventDate "2006.12.05"]
[EventType "swiss"]
[EventCountry "ESP"]
[Source "lmi"]
[SourceDate "2006.12.06"]

1. d4 Nf6 2. Nc3 d5 3. Bg5 Bf5 4. f3 Nbd7 5. e3 c6 6. Bd3 Bg6 7. Nge2 e5 8. h4
Be7 9. Ng3 h6 10. Bxg6 hxg5 11. hxg5 Rxh1+ 12. Nxh1 fxg6 13. gxf6 gxf6 14. Qd3
f5 15. O-O-O Qc7 16. g4 e4 17. Qf1 O-O-O 18. gxf5 gxf5 19. Qh3 Rf8 20. Rf1 Bd6
21. Kb1 Kb8 22. Ne2 Nb6 23. b3 c5 24. fxe4 fxe4 25. Rxf8+ Bxf8 26. Qh8 Qc8 27.
Nhg3 cxd4 28. exd4 Bd6 29. Qxc8+ Kxc8 30. Nf5 Bf8 31. Nc3 Kd7 32. Nd1 Ke6 33.
Nfe3 Bg7 34. c3 Nc8 35. Kc2 Nd6 36. Kd2 b5 37. a3 a5 38. a4 b4 39. cxb4 axb4
40. Nc2 Nf5 41. a5 Nxd4 42. a6 Bh6+ 43. Ke1 Nxc2+ 44. Kf1 Ne3+ 45. Ke2 Nxd1 46.
a7 Nc3+ 47. Ke1 Bf8 48. a8=Q Bd6 49. Qe8+ Kf5 50. Qf7+ Ke5 51. Kf2 d4 52. Kg3
d3 53. Kg4 Nd5 54. Qg7+ Ke6 55. Qg8+ Ke7 56. Qg7+ Ke6 57. Qg6+ Ke5 58. Qg7+ Ke6
1/2-1/2

[Event "12. Torneo Navalmoral de la Mata"]
[Site "Navalmoral de la Mata ESP"]
[Date "2006.12.07"]
[Round "3.5"]
[White "Mirzoev, Azer"]
[Black "Vila Gazquez, Xavier"]
[Result "1/2-1/2"]
[WhiteElo "2543"]
[BlackElo "2404"]
[PlyCount "69"]
[EventDate "2006.12.05"]
[EventType "swiss"]
[EventCountry "ESP"]
[Source "lmi"]
[SourceDate "2006.12.06"]

1. d4 Nf6 2. c4 e6 3. Nf3 Bb4+ 4. Nbd2 d5 5. e3 O-O 6. a3 Be7 7. b4 Ne4 8. Bd3
f5 9. O-O Nd7 10. Bb2 Rf6 11. c5 Rh6 12. Ne5 Bf8 13. g3 Nxe5 14. dxe5 Nxd2 15.
Qxd2 Bd7 16. Bd4 Qe8 17. f4 Be7 18. Qc2 Ba4 19. Qe2 a6 20. Rf2 Bb5 21. Qd1 Bxd3
22. Qxd3 g5 23. fxg5 Bxg5 24. Rg2 Rg6 25. Qd2 Kh8 26. a4 Rg8 27. Kh1 Bh6 28.
Rgg1 Rg4 29. b5 a5 30. Raf1 Qh5 31. Rf2 Qh3 32. Qe1 Re4 33. Qc3 Qh5 34. Kg2 Qg4
35. Kh1 1/2-1/2

[Event "12. Torneo Navalmoral de la Mata"]
[Site "Navalmoral de la Mata ESP"]
[Date "2006.12.07"]
[Round "4.5"]
[White "Spasov, Vasil"]
[Black "Pogorelov, Ruslan"]
[Result "1-0"]
[WhiteElo "2582"]
[BlackElo "2462"]
[PlyCount "91"]
[EventDate "2006.12.05"]
[EventType "swiss"]
[EventCountry "ESP"]
[Source "lmi"]
[SourceDate "2006.12.06"]

1. e4 c5 2. Nf3 d6 3. Bc4 Nf6 4. d3 e6 5. O-O Be7 6. Bb3 Nc6 7. c3 O-O 8. Re1
b6 9. Nbd2 Ne5 10. Nf1 Ba6 11. Bc2 Rc8 12. Ng3 Qc7 13. h3 Ng6 14. Bg5 h6 15.
Be3 d5 16. e5 Nxe5 17. Nxe5 Qxe5 18. Bxc5 Qc7 19. Bxe7 Qxe7 20. d4 g6 21. Re3
Kg7 22. Qd2 Ng8 23. Rae1 Qg5 24. Qd1 Ne7 25. Rf3 Nc6 26. a4 Bc4 27. b3 Ba6 28.
b4 Bc4 29. b5 Nb8 30. Re5 Qh4 31. Nh5+ gxh5 32. Rg3+ Qxg3 33. fxg3 Nd7 34. Rxh5
Nf6 35. Rh4 Rh8 36. Qe1 Kf8 37. Rf4 Ne4 38. Bxe4 dxe4 39. Qxe4 f5 40. Qb7 Re8
41. Qxa7 Bd5 42. Qxb6 Rh7 43. c4 Bxc4 44. a5 Rd7 45. g4 Ke7 46. gxf5 1-0

[Event "12. Torneo Navalmoral de la Mata"]
[Site "Navalmoral de la Mata ESP"]
[Date "2006.12.07"]
[Round "4.7"]
[White "Greenfeld, Alon"]
[Black "Barria Zuñiga, Daniel"]
[Result "1-0"]
[WhiteElo "2567"]
[BlackElo "2426"]
[PlyCount "47"]
[EventDate "2006.12.05"]
[EventType "swiss"]
[EventCountry "ESP"]
[Source "lmi"]
[SourceDate "2006.12.06"]

1. d4 Nf6 2. Nf3 e6 3. c4 b6 4. Nc3 Bb7 5. a3 d5 6. cxd5 Nxd5 7. Qc2 Be7 8. e4
Nxc3 9. bxc3 c5 10. Bd3 O-O 11. O-O Nd7 12. Bf4 Rc8 13. Qe2 cxd4 14. cxd4 Rc3
15. Rfc1 Rxc1+ 16. Rxc1 Bxa3 17. Rc7 Ba8 18. Qa2 e5 19. Rxa7 exf4 20. Qxa3 Nf6
21. Ne5 h6 22. Nxf7 Qxd4 23. Nxh6+ gxh6 24. Qe7 1-0

[Event "12. Torneo Navalmoral de la Mata"]
[Site "Navalmoral de la Mata ESP"]
[Date "2006.12.07"]
[Round "4.10"]
[White "Ramirez Diaz, Jose R"]
[Black "Epishin, Vladimir"]
[Result "0-1"]
[WhiteElo "2097"]
[BlackElo "2527"]
[PlyCount "66"]
[EventDate "2006.12.05"]
[EventType "swiss"]
[EventCountry "ESP"]
[Source "lmi"]
[SourceDate "2006.12.06"]

1. e4 c5 2. Nf3 Nc6 3. d4 cxd4 4. Nxd4 e6 5. c4 Bc5 6. Nc2 Nge7 7. Nc3 O-O 8.
Be2 d6 9. O-O e5 10. Ne3 Nd4 11. Ncd5 Nxd5 12. Nxd5 Be6 13. Be3 a6 14. Qd2 Kh8
15. Kh1 Rc8 16. f4 Nxe2 17. Qxe2 Bxd5 18. cxd5 Bxe3 19. Qxe3 exf4 20. Qxf4 Qe7
21. Rac1 Rxc1 22. Rxc1 g6 23. g4 Kg7 24. Kg2 Re8 25. Kf3 h6 26. a4 Qd8 27. b3
g5 28. Qe3 Qf6+ 29. Ke2 Qb2+ 30. Kd1 Qxh2 31. Qf3 Qg1+ 32. Kd2 Qd4+ 33. Qd3
Rxe4 0-1

[Event "12. Torneo Navalmoral de la Mata"]
[Site "Navalmoral de la Mata ESP"]
[Date "2006.12.07"]
[Round "4.9"]
[White "Vila Gazquez, Xavier"]
[Black "Komljenovic, Davor"]
[Result "1/2-1/2"]
[WhiteElo "2404"]
[BlackElo "2479"]
[PlyCount "61"]
[EventDate "2006.12.05"]
[EventType "swiss"]
[EventCountry "ESP"]
[Source "lmi"]
[SourceDate "2006.12.06"]

1. e4 c5 2. Nf3 d6 3. d4 cxd4 4. Nxd4 Nf6 5. Nc3 a6 6. Bg5 e6 7. Qe2 b5 8. a3
h6 9. Bh4 g5 10. Bg3 Nbd7 11. h4 g4 12. O-O-O Bb7 13. h5 Rc8 14. Qe3 Rg8 15.
Nb3 Qc7 16. Bd3 Ne5 17. Bf4 Be7 18. Bxh6 d5 19. exd5 Nxd5 20. Nxd5 Bxd5 21. Kb1
Nxd3 22. Qxd3 Bf6 23. Rhe1 Rh8 24. Be3 Qc4 25. Bd4 Bxd4 26. Nxd4 Qa2+ 27. Kc1
Qa1+ 28. Kd2 Qxb2 29. Rb1 Qa2 30. Qe3 Rxh5 31. Rh1 1/2-1/2